| 000 | 00945nam a2200229 a 4500 | ||
|---|---|---|---|
| 001 | 47474 | ||
| 003 | BD-RjUL | ||
| 005 | 20211209054325.0 | ||
| 008 | 160808s2000 bg a|||| |||| 00| 0 ben d | ||
| 020 |
_a9844102030 _c: Tk. 300.00 |
||
| 035 | _a(BD-RjUL)47593 | ||
| 040 |
_aBD-RjUL _beng _cBD-RjUL |
||
| 041 | _aeng | ||
| 082 |
_a500 _bMAS 2000 |
||
| 245 | 0 | 0 |
_aমাসিক বিজ্ঞান সাময়িকীর ৪০ বছর : _bনির্বাচিত রচনার সংকলন / _cসম্পাদনা মুহাম্মদ ইব্রাহীম |
| 260 |
_aঢাকা : _bমাওলা ব্রাদার্স, _c২০০০ |
||
| 300 |
_a২৮৫ পৃ. : _bচিত্র ; _e২৪ সেমি. |
||
| 650 |
_aবিজ্ঞান _9144358 |
||
| 650 |
_aScience _9144360 |
||
| 700 |
_aইব্রাহীম, মুহাম্মদ, সম্পাদক _9144361 |
||
| 942 |
_2ddc _cBK |
||
| 999 |
_c47474 _d47474 |
||